01347nam a2200337 a 4500001001200000003000800012006001900020007001500039008004100054010001700095020002800112040002100140035002000161050002300181082001700204100003800221245010300259260003900362300001600401504006600417533015200483650003500635650002800670650004200698650003800740651004200778655002900820710001700849856012600866999001700992ebr10005614CaPaEBRm u cr cn|||||||||980817s1999 ctu sb 001 0 eng  z 98031074  z0275965236 (alk. paper) aCaPaEBRcCaPaEBR a(OCoLC)7072883014aJS431b.Z56 1999eb04a320.47442211 aZimmerman, Joseph Francis,d1928-14aThe New England town meetingh[electronic resource] :bdemocracy in action /cJoseph F. Zimmerman. aWestport, Conn. :bPraeger,c1999. axii, 231 p. aIncludes bibliographical references (p. [213]-227) and index. aElectronic reproduction.bPalo Alto, Calif. :cebrary,d2013.nAvailable via World Wide Web.nAccess may be limited to ebrary affiliated libraries. 0aLocal governmentzNew England. 0aDemocracyzNew England. 0aPolitical participationzNew England. 0aPolitics, PracticalzNew England. 0aNew EnglandxPolitics and government. 7aElectronic books.2local2 aebrary, Inc.40uhttp://site.ebrary.com/lib/rucke/Doc?id=10005614zAn electronic book accessible through the World Wide Web; click to view c18565d18565